1543 1423 1363 1222 1817 1264 1780 1942 1045 1994 1055 1002 1984 1058 1314 1066 1708 1478 1826 1603 1885 1519 1295 1841 1592 1417 1732 1252 1205 1193 1203 1376 1750 1983 1554 1218 1454 1103 1197 1089 1778 1437 1927 1223 1000 1651 1678 1114 1882 1002 1684 1875 1958 1887 1922 1945 1482 1208 1071 1541 1849 1275 1219 1954 1488 1537 1177 1309 1390 1289 1170 1011 1616 1062 1650 1759 1795 1024 1424 1114 1935 1084 1063 1245 1588 1766 1769 1412 1996 1071 1077 1144 1865 1887 1147 1202 1653 1192 1679 BCNSPRNW ULIB Ver.6.0+V

เปลี่ยนเป็นภาษาไทย

Change to English
 แสดงรายละเอียดบรรณานุกรม
  กลับหน้าหลัก

Brief Record : Get Marc (ISO 2709) : E-mail record : QR code < ปิดหน้าต่าง
LEADER : 00000nam 2200000uu 4500
001    13399127192
003     ULIB
008    191021s2562||||th 000 0 tha d
020 ^- ^a9786168243039
050 ^- ^aนว.^bช499ห
100 0^ aชาณา,
245 10 ^aหัวใจปีศาจ /^cชาณา.
250 ^- ^aพิมพ์ครั้งที่ 2.
260 ^1 ^aกรุงเทพฯ :^bดีบุ๊คส์,^c2562.
300 ^- ^a416 หน้า.
945    ^p320^l0^i27884
999    ^aกัณชพร จุลอักษร
รายการนี้ยังไม่มีแท็ก
คุณยังไม่ได้ล็อกอิน คุณสามารถมีกิจกรรมร่วมกับเว็บไซต์ได้ แต่ต้องล็อกอินก่อน ::
  ล็อกอิน

รายการสื่อสารสนเทศ

ลำดับที่ ประเภท เลขเรียก/บาร์โค้ด สถานที่ สถานะ
1. วิทยาศาสตร์การแพทย์ และสุขภาพ
วิทยาศาสตร์การแพทย์ และสุขภาพ
นว. ช499ห ฉ.1 
  Barcode: 27884
ห้องสมุดวิทยาเขตนครสวรรค์
►นวนิยาย:l:Fiction
บนชั้น

BibComment


ยังไม่เคยถูกคอมเมนท์

คอมเมนท์ทรัพยากรรายการนี้
  คอมเมนท์: หัวใจปีศาจ ชาณา


 Copyright 2026. Bcnsprnw @Library